[Event "Titled Tue 20th May Late"]
[Site "chess.com INT"]
[Date "2025.05.20"]
[Round "11"]
[White "Morais, Renan de Souza Stockler"]
[Black "Dmitriev, Sergey"]
[Result "1/2-1/2"]
[WhiteTitle "CM"]
[BlackTitle "FM"]
[WhiteElo "1703"]
[BlackElo "2312"]
[WhiteFideId "2187701"]
[BlackFideId "14101785"]
[EventDate "2025.05.20"]

1. d4 d5 2. Bf4 e6 3. e3 Bd6 4. Bxd6 Qxd6 5. c3 Nf6 6. Nf3 Nc6 7. Be2 O-O 8. O-O
Ne7 9. Nbd2 c5 10. Bd3 c4 11. Bc2 a5 12. a4 Nd7 13. e4 Qf4 14. Qe2 Nc6 15. exd5
exd5 16. Qe3 Qg4 17. h3 Qh5 18. Qg5 Qxg5 19. Nxg5 Nf6 20. Ngf3 Bd7 21. Rfe1 Rfe8
22. Rxe8+ Rxe8 23. Re1 Kf8 24. Rxe8+ Kxe8 25. g3 h6 26. b3 cxb3 27. Bxb3 Ne7 28.
Ne5 Be6 29. c4 dxc4 30. Bxc4 Bxc4 31. Ndxc4 Nfd5 32. Nxa5 Nc3 33. Nxb7 Nxa4 34.
Nd6+ Kf8 35. Ndxf7 Nc3 36. Nd6 Ne2+ 37. Kg2 Nxd4 38. h4 Ne6 39. f4 Nd4 40. Nd7+
Kg8 41. Ne5 Nd5 42. Kh3 Ne3 43. Ng4 Nf1 44. Ne4 Ne2 45. Kg2 Ne3+ 46. Nxe3 Nd4
47. Kf2 Ne6 48. Kf3 Nd4+ 49. Kg4 Ne6 50. Nf5 Nf8 51. h5 Nd7 52. Ne7+ Kh7 53. f5
Ne5+ 54. Kf4 Nd3+ 55. Ke3 Ne5 56. Kf4 Nd3+ 57. Kg4 Ne5+ 58. Kh4 Nf3+ 59. Kh3
Ng1+ 60. Kg2 Ne2 61. Kf3 Nd4+ 62. Kg2 Ne2 63. g4 Nf4+ 64. Kf3 Nd3 65. g5 Ne5+
66. Kf4 Nd3+ 67. Kg4 Ne5+ 68. Kg3 hxg5 69. Nxg5+ Kh6 70. Nf7+ Nxf7 71. Kf4 Kxh5
72. f6 gxf6 73. Kf5 Nh6+ 74. Kxf6 1/2-1/2

[Event "Titled Tue 20th May Late"]
[Site "chess.com INT"]
[Date "2025.05.20"]
[Round "11"]
[White "Klepek, Witold"]
[Black "Yurtseven, Melih"]
[Result "1-0"]
[WhiteTitle "CM"]
[BlackTitle "IM"]
[WhiteElo "2253"]
[BlackElo "2339"]
[WhiteFideId "1175068"]
[BlackFideId "6312160"]
[EventDate "2025.05.20"]

1. c4 Nf6 2. Nf3 e6 3. g3 b6 4. Bg2 Bb7 5. O-O Be7 6. Nc3 O-O 7. d4 Ne4 8. Qc2
Nxc3 9. Qxc3 d6 10. b3 c5 11. Bb2 Bf6 12. Qd2 cxd4 13. Nxd4 Bxg2 14. Kxg2 Qe7
15. Rfd1 Rd8 16. Rac1 a6 17. Ba3 Qb7+ 18. Nf3 Be7 19. Qf4 Qc6 20. e4 Ra7 21. Rd2
Rad7 22. Rcd1 h6 23. Kg1 b5 24. cxb5 axb5 25. e5 d5 26. Rc1 Qb7 27. Bxe7 Rxe7
28. Rdc2 d4 29. Nxd4 Red7 30. Nf3 Rd3 31. Ne1 Rd1 32. Rxd1 Rxd1 33. Rc1 Rd7 34.
Qf3 Qa7 35. Rc2 Rd8 36. Nd3 Nd7 37. Qe4 Nf8 38. Kg2 Qa5 39. h4 Ng6 40. h5 Ne7
41. Nb4 Qb6 42. Nc6 Nxc6 43. Qxc6 Qd4 44. Re2 b4 45. Qc4 Qb6 46. Rc2 Qb7+ 47.
Kh2 Qb8 48. Qf4 Qb6 49. Qf3 Qb5 50. Re2 Rd5 51. Qe3 Qc6 52. Rd2 Qd7 53. Rxd5
Qxd5 54. g4 Qd1 55. Kg3 Qd5 56. f4 Qh1 57. Qf3 Qe1+ 58. Qf2 Qc3+ 59. Kh4 Qc7 60.
g5 Qd8 61. Kg4 hxg5 62. fxg5 Qd3 63. Qf4 Qd1+ 64. Qf3 Qd5 65. Qxd5 exd5 66. Kf4
Kf8 67. Ke3 Ke7 68. Kd4 Ke6 69. h6 gxh6 70. gxh6 f6 71. h7 fxe5+ 72. Kc5 1-0

[Event "Titled Tue 20th May Late"]
[Site "chess.com INT"]
[Date "2025.05.20"]
[Round "11"]
[White "Erece, Ece Alkim"]
[Black "Ferrara, Enzo"]
[Result "1/2-1/2"]
[WhiteTitle "WCM"]
[WhiteElo "1843"]
[BlackElo "2138"]
[WhiteFideId "6346006"]
[BlackFideId "137731"]
[EventDate "2025.05.20"]

1. e4 e6 2. d4 d5 3. Nd2 c5 4. exd5 exd5 5. Ngf3 Nc6 6. dxc5 Nf6 7. Nb3 Be7 8.
h3 Bf5 9. Bd3 Bxd3 10. Qxd3 O-O 11. O-O a5 12. Be3 a4 13. Nbd4 a3 14. bxa3 Na5
15. Nf5 Nc4 16. Bd4 Ne4 17. Bxg7 Re8 18. Nxe7+ Rxe7 19. Qd4 Nxc5 20. Bf6 Ne6 21.
Qg4+ Kf8 22. Rfe1 Qd6 23. Ng5 Ke8 24. Bxe7 Kxe7 25. Nxe6 fxe6 26. Qg7+ Ke8 27.
Qg8+ Qf8 28. Rxe6+ Kd7 29. Qxf8 Rxf8 30. Rae1 Rf7 31. Rh6 Kc7 32. Rd1 Rd7 33.
Rd4 Nxa3 34. Rh5 Kc6 35. Rdh4 Nxc2 36. Rxh7 Rd8 37. R7h6+ Kc5 38. R4h5 b5 39.
Rh7 Kb4 40. Rc7 Na3 41. Re5 d4 42. Re1 d3 43. Rd1 Nc4 44. Kf1 Kc3 45. h4 Kc2 46.
Ra1 d2 47. Ke2 Re8+ 48. Kf3 Kb2 49. Rd1 Re1 50. Rxd2+ Nxd2+ 51. Kg3 Nc4 52. h5
Rh1 53. Rc5 Na3 54. f4 Kxa2 55. f5 b4 56. f6 b3 57. Rc8 b2 58. Rb8 b1=Q 59. Rxb1
Nxb1 60. Kg4 Nc3 61. Kg5 Ne4+ 62. Kf5 Nxf6 63. Kxf6 Rxh5 64. g4 Rh8 65. g5 Rf8+
66. Kg7 Ra8 67. g6 Kb3 68. Kf7 Kc4 69. g7 Ra7+ 70. Kf8 Ra8+ 71. Kf7 Ra7+ 72. Kf8
Ra8+ 73. Kf7 1/2-1/2

[Event "Titled Tue 20th May Late"]
[Site "chess.com INT"]
[Date "2025.05.20"]
[Round "11"]
[White "Thorhallsson, Simon"]
[Black "Avramidou, Anastasia"]
[Result "0-1"]
[WhiteTitle "FM"]
[BlackTitle "FM"]
[WhiteElo "2218"]
[BlackElo "2294"]
[WhiteFideId "2310090"]
[BlackFideId "4239873"]
[EventDate "2025.05.20"]

1. Nf3 Nf6 2. g3 g6 3. Bg2 Bg7 4. O-O O-O 5. c4 d5 6. cxd5 Nxd5 7. a3 Nc6 8. d4
Nb6 9. e3 e5 10. Nxe5 Nxe5 11. dxe5 Bxe5 12. Qc2 c6 13. Bd2 Qc7 14. Bc3 Be6 15.
Nd2 Bd5 16. e4 Be6 17. Nf3 Bxc3 18. Qxc3 f6 19. Nd4 Bf7 20. Nc2 Rae8 21. Ne3 Qe5
22. Qxe5 fxe5 23. Rfd1 Be6 24. Rd6 Kf7 25. Rad1 Ke7 26. R6d3 Rd8 27. Rxd8 Rxd8
28. Rxd8 Kxd8 29. f4 exf4 30. gxf4 Ke7 31. Kf2 Na4 32. b4 Nc3 33. Kg3 Bb3 34. f5
Nb5 35. Kf4 Nxa3 36. Kg5 gxf5 37. exf5 Nc2 38. Ng4 Nxb4 39. Kh6 a5 40. Kg7 a4
41. f6+ Kd7 42. Ne5+ Kc7 43. Bf1 b5 44. Bc4 Nd3 45. f7 Nxe5 46. f8=Q Nxc4 47.
Qe7+ Kb6 48. Qd8+ Kc5 49. Qf8+ Kb6 50. Qd8+ Kc5 51. Qf8+ Kd4 52. Qf4+ Kc3 53.
Qf3+ Kb2 54. Qf6+ Ka3 55. Qe7+ b4 56. Kxh7 Ka2 57. Qxb4 a3 58. Kg7 Nb2 59. h4
Bc2 60. h5 Nd3 61. h6 Nxb4 62. h7 Bxh7 63. Kxh7 Kb2 64. Kg6 a2 65. Kf5 a1=Q 66.
Ke4 Qc1 0-1

[Event "Titled Tue 20th May Late"]
[Site "chess.com INT"]
[Date "2025.05.20"]
[Round "11"]
[White "Nguyen, Ngoc Truong Son"]
[Black "Vlassov, Nikolai"]
[Result "1/2-1/2"]
[WhiteTitle "GM"]
[BlackTitle "IM"]
[WhiteElo "2632"]
[BlackElo "2291"]
[WhiteFideId "12401110"]
[BlackFideId "4103360"]
[EventDate "2025.05.20"]

1. e4 Nc6 2. c4 e5 3. Nc3 Bc5 4. d3 d6 5. Be3 Nge7 6. Qd2 O-O 7. h4 f5 8. h5 f4
9. Bxc5 dxc5 10. h6 g5 11. g3 Nd4 12. O-O-O Bg4 13. Re1 Nec6 14. gxf4 exf4 15.
e5 Kh8 16. Bg2 Nb4 17. Kb1 f3 18. Bh3 Bxh3 19. Nxh3 g4 20. Ng5 Nxd3 21. e6 Nxe1
22. Nd5 Rf5 23. Nf7+ Rxf7 24. exf7 Qd7 25. Rxe1 Qxf7 26. Qg5 Qf5+ 27. Qxf5 Nxf5
28. Nf6 g3 29. fxg3 Rf8 30. g4 Nxh6 31. g5 Ng8 32. Ne4 Kg7 33. Rf1 Kg6 34. Kc2
Ne7 35. Nxc5 Rf5 36. Ne6 Nc6 37. Kd3 Kf7 38. Nxc7 Ke7 39. Nd5+ Kd6 40. Ne3 Rxg5
41. a3 Rg8 42. b4 Rf8 43. c5+ Ke5 44. Rh1 Rf7 45. Rh4 Ne7 46. Re4+ Kf6 47. Rf4+
Kg6 48. Rxf7 Kxf7 49. Ke4 Ke6 50. Kxf3 Nd5 51. Nc4 Nc3 52. Na5 Kd5 53. Nxb7 Nb1
54. a4 Nc3 55. a5 Kc6 56. Nd6 Nd5 57. b5+ Kxc5 58. Nc8 Kxb5 59. Nxa7+ Kxa5 60.
Nc6+ Kb6 61. Ne5 Kc5 62. Kg4 Kd4 63. Kf5 Ne3+ 64. Kg5 Kxe5 65. Kh6 Kf6 66. Kxh7 1/2-1/2

[Event "Titled Tue 20th May Late"]
[Site "chess.com INT"]
[Date "2025.05.20"]
[Round "11"]
[White "Mammadov, Sadig"]
[Black "Goncharov, Vladimir"]
[Result "1-0"]
[WhiteTitle "IM"]
[WhiteElo "2395"]
[BlackElo "2077"]
[WhiteFideId "13408712"]
[BlackFideId "34162256"]
[EventDate "2025.05.20"]

1. d4 Nf6 2. c4 e6 3. Nc3 Bb4 4. e3 O-O 5. Bd3 d5 6. cxd5 exd5 7. a3 Bd6 8. Nge2
c6 9. f3 Re8 10. O-O c5 11. Kh1 Nc6 12. dxc5 Bxc5 13. Nf4 d4 14. Na4 Bd6 15.
exd4 Bxf4 16. Bxf4 Qxd4 17. Bg3 Rd8 18. Bb5 Qxd1 19. Rfxd1 Bf5 20. Nc5 Nd4 21.
Nxb7 Rd5 22. Bc4 Rd7 23. Nd6 Nc2 24. Nxf5 Nxa1 25. Rxa1 Rc8 26. b3 Rcd8 27. h3
Rd1+ 28. Rxd1 Rxd1+ 29. Kh2 Nh5 30. Bf2 Nf4 31. Be3 Ne6 32. Bxa7 Rd2 33. Be3 Ra2
34. a4 g6 35. Nd6 Kf8 36. Nb7 Ke7 37. Bb5 Nc7 38. Bc5+ Kf6 39. Bc4 Ne6 40. Bd6
Nd4 41. Kg3 h5 42. h4 Nf5+ 43. Kh3 Ne3 44. Bc5 Nxg2 45. Bd4+ Kf5 46. Nd6+ Kf4
47. Nxf7 Kxf3 48. Bd5+ Kf4 49. Bxg2 Rd2 50. Be5+ Kf5 51. Bg3 Rd3 52. Nd6+ Ke6
53. b4 g5 54. hxg5 h4 55. Kxh4 Rd4+ 56. Kh3 Rxb4 57. a5 Ra4 58. Nb7 Kf5 59. Bf1
Kxg5 60. Bb5 Ra3 61. a6 Kf5 62. Kg2 Kg4 63. Bf2 Ra2 64. a7 Kf4 65. a8=Q Rxa8 66.
Nc5 Rg8+ 67. Kf1 Ke5 68. Nd7+ Kd5 69. Nf6+ Ke6 70. Nxg8 Kf7 71. Bc4+ Kg6 72.
Ne7+ Kg7 73. Nd5 1-0

[Event "Titled Tue 20th May Late"]
[Site "chess.com INT"]
[Date "2025.05.20"]
[Round "11"]
[White "Aliyev, Elnur"]
[Black "Vila Dupla, Aurelio"]
[Result "1-0"]
[WhiteTitle "CM"]
[BlackTitle "FM"]
[WhiteElo "2155"]
[BlackElo "2056"]
[WhiteFideId "13402617"]
[BlackFideId "2203383"]
[EventDate "2025.05.20"]

1. Nf3 Nf6 2. g3 g6 3. b3 Bg7 4. Bb2 O-O 5. Bg2 d6 6. d4 Nc6 7. O-O e5 8. dxe5
Ng4 9. c4 dxe5 10. h3 Nh6 11. Nc3 Nf5 12. Qxd8 Rxd8 13. Nd5 e4 14. Bxg7 exf3 15.
Bxf3 Kxg7 16. Nxc7 Rb8 17. Rad1 Ncd4 18. Kg2 Be6 19. e3 Nxf3 20. Kxf3 b6 21. Nb5
Bd7 22. Nd4 Bc8 23. g4 Bb7+ 24. Ke2 Nh4 25. f3 Kf6 26. Rd2 Rd6 27. Rfd1 Rbd8 28.
f4 h5 29. Kf2 hxg4 30. hxg4 Ng2 31. g5+ Ke7 32. Ke2 R6d7 33. Nb5 Rxd2+ 34. Rxd2
Rxd2+ 35. Kxd2 a6 36. Nd4 Nh4 37. b4 Nf5 38. Kd3 Nxd4 39. Kxd4 Kd6 40. c5+ bxc5+
41. bxc5+ Ke6 42. e4 Bc6 43. a3 Bb7 44. Ke3 Bc6 45. Kd4 Bd7 46. Ke3 Bb5 47. Kd4
Be2 48. c6 Bb5 49. c7 Bd7 50. Kc5 Bc8 51. Kb6 Ke7 52. a4 Kd6 53. a5 Ke7 54. Ka7
Kd6 55. Kb8 Bd7 56. c8=Q Bxc8 57. Kxc8 Kc6 58. Kd8 Kb5 59. Ke7 Kxa5 60. Kxf7 Kb4
61. f5 a5 62. fxg6 a4 63. g7 a3 64. g8=Q a2 65. Kg7 a1=Q+ 66. Kg6 Qe1 67. Qb8+
Kc4 68. Qe5 Qh4 69. Qe6+ Kd4 70. Qd5+ Ke3 71. Qf5 Qh8 72. e5 Qg8+ 73. Kh5 Qh8+
74. Kg4 Qh1 75. Qf4+ Ke2 76. e6 1-0

[Event "Titled Tue 20th May Late"]
[Site "chess.com INT"]
[Date "2025.05.20"]
[Round "11"]
[White "Schuster, Karsten"]
[Black "Skramstad, Oda Kofoed"]
[Result "1-0"]
[WhiteTitle "FM"]
[BlackTitle "WCM"]
[WhiteElo "2266"]
[BlackElo "1898"]
[WhiteFideId "4611071"]
[BlackFideId "1564862"]
[EventDate "2025.05.20"]

1. d4 Nf6 2. Bg5 d5 3. Bxf6 exf6 4. e3 Bd6 5. Bd3 O-O 6. Ne2 Re8 7. O-O c6 8. c4
dxc4 9. Bxc4 Bf5 10. Ng3 Bg6 11. Nc3 Qe7 12. a3 Nd7 13. Qf3 Nb6 14. Ba2 Rad8 15.
Nf5 Qc7 16. Nxd6 Qxd6 17. Qg3 Qd7 18. h4 Nc8 19. Na4 Nd6 20. Nc5 Qe7 21. Rfd1 b6
22. Nd3 Ne4 23. Qg4 f5 24. Qf4 Kh8 25. Ne5 Qd6 26. Rac1 c5 27. Bxf7 Rxe5 28.
dxe5 Qxd1+ 29. Rxd1 Rxd1+ 30. Kh2 Bxf7 31. Qxf5 Bd5 32. e6 Nf6 33. e7 Bf7 34. g4
h6 35. g5 hxg5 36. hxg5 Rd5 37. Qh3+ Nh5 38. Qc8+ Kh7 39. e8=Q Bxe8 40. Qxe8
Rxg5 41. f4 Rg6 42. Qe4 Nf6 43. Qf5 Ng4+ 44. Kh3 Nxe3 45. Qe4 Nf1 46. f5 Rf6 47.
Qh4+ Kg8 48. Qg5 Kf7 49. b4 cxb4 50. axb4 a5 51. bxa5 bxa5 52. Qc1 Rxf5 53. Qc7+
Kg6 54. Qc6+ Rf6 55. Qg2+ Kf7 56. Qb7+ Kg6 57. Qa7 a4 58. Qxa4 Ne3 59. Qe4+ Nf5
60. Kg4 Kf7 61. Qb7+ Kg6 62. Qc8 Nh6+ 63. Kh3 Rf3+ 64. Kg2 Rf6 65. Qe8+ Nf7 66.
Qg8 Kh6 67. Qa8 Kg6 68. Kg3 Kh6 69. Qa2 Kg6 70. Qh2 Ng5 71. Kg4 Nf7 72. Qh5# 1-0

[Event "Titled Tue 20th May Late"]
[Site "chess.com INT"]
[Date "2025.05.20"]
[Round "11"]
[White "Kravtsiv, Martyn"]
[Black "Martin Fuentes, Alberto"]
[Result "0-1"]
[WhiteTitle "GM"]
[BlackTitle "FM"]
[WhiteElo "2598"]
[BlackElo "2376"]
[WhiteFideId "14113147"]
[BlackFideId "2292289"]
[EventDate "2025.05.20"]

1. g3 Nf6 2. Bg2 c5 3. Nf3 Nc6 4. O-O d6 5. d4 cxd4 6. Nxd4 Bd7 7. c4 g6 8. Nc3
Bg7 9. b3 O-O 10. Bb2 Qa5 11. e4 Rfe8 12. Re1 Qh5 13. Qxh5 Nxh5 14. Nxc6 Bxc6
15. Re2 Nf6 16. Nd5 Bxd5 17. exd5 Nd7 18. Bxg7 Kxg7 19. Bh3 Nc5 20. b4 Nd3 21.
a3 Kf8 22. Bf1 Ne5 23. Rc2 a5 24. f4 Nd7 25. Bh3 Nb6 26. Rb1 axb4 27. Rxb4 Ra6
28. Bf1 Rc8 29. c5 Nxd5 30. Rxb7 Rac6 31. a4 Rxc5 32. Ra2 Rc1 33. Kf2 R8c2+ 34.
Rxc2 Rxc2+ 35. Kf3 Ra2 36. Bb5 Ra3+ 37. Ke4 Nc3+ 38. Kd4 Nxa4 39. Ra7 Ra2 40.
Bxa4 Rxh2 41. Bc6 h5 42. Ra8+ Kg7 43. Re8 Kf6 44. Ke3 h4 45. gxh4 Rxh4 46. Bf3
Rh2 47. Ra8 Rb2 48. Ra3 Rb5 49. Rc3 g5 50. Be2 gxf4+ 51. Kxf4 Rb4+ 52. Ke3 d5
53. Rc5 e6 54. Rc7 Kg6 55. Re7 Kf6 56. Rd7 Ra4 57. Bd3 Rb4 58. Kd2 Rd4 59. Ke3
Rh4 60. Be2 Rh7 61. Bd3 Rg7 62. Ra7 Ke5 63. Rb7 Rg3+ 64. Kd2 f5 65. Rb6 f4 66.
Be2 Re3 67. Ra6 Kf5 68. Bd3+ Kf6 69. Be2 Kg5 70. Rb6 e5 71. Rd6 d4 72. Bd3 f3
73. Rg6+ Kf4 74. Rf6+ Kg3 75. Re6 Kf2 76. Re7 Kg2 77. Rg7+ Kf2 78. Re7 Kg3 79.
Rg7+ Kf4 80. Rf7+ Kg5 81. Rf5+ Kg4 82. Rf8 e4 0-1

[Event "Titled Tue 20th May Late"]
[Site "chess.com INT"]
[Date "2025.05.20"]
[Round "11"]
[White "Howell, David W L"]
[Black "Bernabeu Lopez, Carlos Javier"]
[Result "1/2-1/2"]
[WhiteTitle "GM"]
[BlackTitle "FM"]
[WhiteElo "2668"]
[BlackElo "2402"]
[WhiteFideId "410608"]
[BlackFideId "2235366"]
[EventDate "2025.05.20"]

1. d4 Nf6 2. Bg5 Ne4 3. Bf4 e6 4. Nd2 Bd6 5. e3 Bxf4 6. exf4 Nxd2 7. Qxd2 O-O 8.
Bd3 d6 9. Nf3 b6 10. Be4 d5 11. Bd3 Ba6 12. Bxa6 Nxa6 13. O-O c5 14. Rfe1 Rc8
15. c3 Nb8 16. Rad1 cxd4 17. Qxd4 Nc6 18. Qe3 Qf6 19. g3 Rfd8 20. h4 h6 21. Kg2
Ne7 22. Ne5 Ng6 23. Nf3 Ne7 24. Ne5 Ng6 25. Ng4 Qf5 26. Qf3 Ne7 27. Rd2 Qh7 28.
h5 b5 29. Ne5 Nc6 30. Qg4 Nxe5 31. Rxe5 Rc4 32. Qe2 Qb1 33. a3 a5 34. Rd1 Qh7
35. f5 f6 36. Rxe6 Qxf5 37. Re8+ Rxe8 38. Qxe8+ Kh7 39. Qxb5 Qxh5 40. Rxd5 Qg4
41. Qd7 Qe4+ 42. Kh2 a4 43. Qf5+ Qxf5 44. Rxf5 Rc6 45. Rf4 Ra6 46. Rb4 Kg6 47.
Kg2 Kf5 48. Kf3 g5 49. Rb5+ Kg6 50. g4 h5 51. gxh5+ Kxh5 52. Kg3 Rd6 53. Rb4
Rd3+ 54. Kg2 Rd2 55. Rxa4 Rxb2 56. Rb4 Ra2 57. a4 f5 58. c4 f4 59. c5 Rc2 60. a5
g4 61. a6 Rxc5 62. Ra4 Rc8 63. a7 Ra8 64. Kg1 Kg5 65. Kg2 Kf5 66. f3 gxf3+ 67.
Kxf3 Ke5 68. Ra5+ Kd6 69. Kxf4 Kc6 70. Ra1 Kb6 71. Ke5 Rxa7 72. Rb1+ Kc7 73.
Rc1+ Kd7 74. Rh1 Ra5+ 75. Kd4 Ra4+ 76. Kc5 Ra5+ 77. Kb6 Re5 78. Rh7+ Re7 79. Rh2
Re6+ 80. Kc5 Re5+ 81. Kd4 Re6 82. Kd5 Rd6+ 83. Ke5 Re6+ 84. Kf5 Rd6 85. Rh7+ Kc6
86. Ke5 Rd5+ 87. Ke4 Rd7 88. Rh5 Re7+ 89. Kd4 Kd7 90. Kd5 Rg7 91. Rf5 Re7 92.
Rf1 Rh7 93. Rd1 Rh5+ 94. Ke4+ Ke6 95. Kf4 Rf5+ 96. Kg4 Rd5 97. Ra1 Ke5 98. Re1+
Kd6 99. Rh1 Re5 100. Rh8 Re4+ 101. Kf5 Re5+ 102. Kf4 Re6 103. Rd8+ Ke7 104. Rd1
Rf6+ 105. Ke5 Re6+ 106. Kf5 Rf6+ 107. Kg5 Rd6 108. Ra1 Ke6 109. Ra7 Rd7 110. Ra8
Rd5+ 111. Kf4 Rd4+ 112. Ke3 Rd5 113. Re8+ Kd7 114. Rh8 Kd6 115. Ke4 Re5+ 116.
Kf4 Re6 117. Rd8+ Ke7 118. Rd1 Rf6+ 119. Kg5 Re6 120. Rb1 Rd6 121. Kf5 Rd5+ 1/2-1/2

[Event "Titled Tue 20th May Late"]
[Site "chess.com INT"]
[Date "2025.05.20"]
[Round "11"]
[White "Fishbein, Alexander"]
[Black "Yevchenko, Oleksandr"]
[Result "0-1"]
[WhiteTitle "GM"]
[BlackTitle "CM"]
[WhiteElo "2377"]
[BlackElo "2276"]
[WhiteFideId "2000377"]
[BlackFideId "14108267"]
[EventDate "2025.05.20"]

1. e4 c5 2. Nf3 d6 3. d4 cxd4 4. Nxd4 Nf6 5. Nc3 a6 6. Be2 e5 7. Nb3 Be7 8. O-O
O-O 9. Be3 Nc6 10. a4 Be6 11. Bf3 Na5 12. Nd2 Nc4 13. Nxc4 Bxc4 14. Bg5 Bxf1 15.
Kxf1 Nd7 16. Be3 Bg5 17. Bxg5 Qxg5 18. Qxd6 Nf6 19. Rd1 h6 20. g3 Rfd8 21. Qxd8+
Rxd8 22. Rxd8+ Kh7 23. Rd1 h5 24. h4 Qg6 25. Nd5 Ng4 26. Kg2 Qc6 27. Nc3 f6 28.
Rd2 Qb6 29. b3 Qb4 30. Rd3 Qc5 31. Bxg4 hxg4 32. Kf1 Qc6 33. Ke2 Kh6 34. Kd2 Kg6
35. Nd5 Qc5 36. Ne3 Kh7 37. Ke2 b5 38. axb5 axb5 39. c4 bxc4 40. Nxc4 Qc6 41.
Re3 Qb5 42. Kd2 g6 43. Kc3 Qc6 44. Re2 Kh6 45. Re3 Qc5 46. b4 Qd4+ 47. Kb3 Qd1+
48. Kc3 Qc1+ 49. Kb3 Qd1+ 50. Kc3 Qa1+ 51. Kc2 Qf1 52. b5 Qxc4+ 53. Kd2 Qxb5 54.
Rc3 Qb4 55. Kd3 Qd6+ 56. Ke2 Qd4 57. Re3 Qb2+ 58. Ke1 f5 59. Kf1 f4 60. gxf4
exf4 61. Re2 Qa1+ 62. Re1 Qa6+ 63. Kg2 Qc6 64. Kh2 Kh5 65. e5 Qe6 66. Kg2 Kxh4
67. Kh2 Kg5 68. Kg2 Kf5 69. Kh2 g5 70. Kg2 Qd5+ 71. Kh2 Ke6 72. Kg1 Qf3 73. Ra1
Kxe5 74. Ra5+ Kf6 75. Ra6+ Kf5 76. Ra5+ Kg6 77. Ra7 Qd1+ 78. Kg2 Qd5+ 79. Kh2
Qd4 80. Ra6+ Kh5 81. Kg1 Qd1+ 82. Kg2 f3+ 83. Kh2 Qd3 84. Ra2 Qd4 85. Kg1 Qe5
86. Ra1 Qe2 87. Rf1 Qe5 88. Rd1 Kh4 89. Kh1 Kh3 90. Rg1 Qh2# 0-1